Suis-je dans ce pays ? #3 (spécial Europe) - Statistiques

Statistiques générales
  • Ce quiz a été pris 97 fois
  • Le résultat moyen est 28 sur 45
Statistiques - réponses
Question Tuile Select % Correct
France (+ outre mer ) Non
94%
Norvège Non
91%
France (+ outre mer ) Niort Oui
83%
Portugal Vigo Non
82%
Portugal Non
79%
Norvège Patagonie Non
79%
France (+ outre mer ) Piémont Non
79%
France (+ outre mer ) Saint Sébastien Non
77%
Croatie Trieste Non
77%
Autriche Davos Non
76%
Norvège Uppsala Non
76%
Autriche Vaduz Non
73%
Norvège Oui
72%
Croatie Mostar Non
72%
Portugal Spécialité : Pastéis da nata Oui
72%
Autriche Lac Balaton Non
71%
Croatie Oui
69%
France (+ outre mer ) Non
67%
Portugal Faro Oui
67%
Portugal Açores Oui
65%
Norvège Îles Féroé Non
65%
Autriche Non
62%
France (+ outre mer ) Pays frontaliers : 12 Oui
62%
Portugal Spécialité : Brigadeiro Non
62%
Norvège Svalbard Oui
62%
Croatie Oui
59%
Autriche Graz Oui
58%
Norvège Narvik Oui
56%
Croatie Pays frontaliers : 5 Oui
56%
Portugal Braga Oui
55%
France (+ outre mer ) Oui
54%
Portugal Oui
54%
Norvège Oui
53%
Croatie Rijeka Oui
50%
Croatie site web : .cr Non
50%
Autriche Tyrol Oui
50%
France (+ outre mer ) Nombre de fuseaux horaires : 10 Non
49%
Portugal Compagnie : Porto Airlines Non
45%
Autriche Non
44%
Norvège Ours blanc Oui
44%
France (+ outre mer ) Oui
41%
Autriche Non
37%
Autriche Lac Constance Oui
37%
Croatie Danube Oui
26%
Croatie Oui
15%
Aucun quiz correspondant
Distribution des résultats
% des personnes avec chaque résultat
Percentile par nombre de réponses
Votre historique - résultats
Vous n’avez pas pris ce quiz